Uczestnicy Ligi Mistrzów 2019/20 - Statystyki

Ogólne statystyki
  • Ten quiz został rozwiązany 462 razy
  • Średni wynik to 23 z 32
Statystyki odpowiedzi
Odpowiedź % Poprawnych
Barcelona
99%
Real
99%
Bayer
97%
BVB
94%
Manchester City
94%
Liverpool
93%
PSG
93%
Chelsea
92%
Juventus
92%
Inter
90%
Atletico
89%
Tottenham
88%
Napoli
85%
Bayern
81%
Ajax
79%
Lipsk
76%
Lyon
73%
Benfica
71%
Valencia
69%
Atalanta
68%
Zenit
58%
Lokomotiv
56%
Lille
51%
Szachtar
50%
Crvena zvezda
49%
Salzburg
49%
Slavia Praga
49%
Galatasaray
44%
Club Brugge
42%
Dinamo Zagrzeb
42%
Genk
35%
Olympiakos
35%
Nie znaleziono quizów pasujących do podanych kryteriów
Rozkład punktacji
Procent ludzi z każdym wynikiem
Percentyl według liczby udzielonych odpowiedzi
Twoja historia wyników
Nie rozwiązałeś tego quizu